Saji (Record no. 168292)

MARC details
000 -LEADER
fixed length control field 00453nas a2200181 i 4500
001 - CONTROL NUMBER
control field 2-00235122
003 - CONTROL NUMBER IDENTIFIER
control field PPAK
005 - DATE AND TIME OF LATEST TRANSACTION
control field 20180729123454.0
008 - FIXED-LENGTH DATA ELEMENTS--GENERAL INFORMATION
fixed length control field 010828s my a|||| ||||| | may d
040 ## - CATALOGING SOURCE
Original cataloging agency PPAK
Language of cataloging eng
Transcribing agency PPAK
Description conventions rda
245 00 - TITLE STATEMENT
Title Saji
264 #1 - PRODUCTION, PUBLICATION, DISTRIBUTION, MANUFACTURE, AND COPYRIGHT NOTICE
Place of production, publication, distribution, manufacture Kuala Lumpur:
Name of producer, publisher, distributor, manufacturer Utusan Melayu (Malaysia) Berhad,
336 ## - CONTENT TYPE
Source rdacontent
Content type term text
337 ## - MEDIA TYPE
Source rdamedia
Media type term unmediated
338 ## - CARRIER TYPE
Source rdacarrier
Carrier type term volume
650 10 - SUBJECT ADDED ENTRY--TOPICAL TERM
Topical term or geographic name entry element Cooking
942 ## - ADDED ENTRY ELEMENTS (KOHA)
-- dc
Koha item type Serial
Holdings
Withdrawn status Lost status Source of classification or shelving scheme Damaged status Not for loan Home library Current library Shelving location Date acquired Serial Enumeration / chronology Full call number Barcode Date last seen Price effective from Koha item type Cost, normal purchase price Copy number
  Hapuskira Dewey Decimal Classification     Perpustakaan Alor Setar Perpustakaan Alor Setar G 28/08/2001   641.5 SAJ A00840057 11/07/2018 11/07/2018 Book 0.00 1623
    Dewey Decimal Classification     Perpustakaan Merbok Perpustakaan Merbok G 21/04/2018 Januari 2017 641.5 SAJ A00620410 11/07/2018 11/07/2018 Serial